000 00284nam a2200109Ia 4500
008 220204s9999 xx 000 0 und d
082 _a33(083.4)(540)
_bECO
245 0 _aEconomic survey 1994-95
260 _aNew Delhi
_bMinistry of Finance
650 _aIndustrial policy
942 _cBK
999 _c40764
_d40764